Gene Expression Systems (Record no. 17041)

000 -LEADER
fixed length control field 00303nam a22001097a 4500
008 - FIXED-LENGTH DATA ELEMENTS--GENERAL INFORMATION
fixed length control field 140319t xxu||||| |||| 00| 0 eng d
020 ## - INTERNATIONAL STANDARD BOOK NUMBER
International Standard Book Number 978-81-312-0195-4
100 ## - MAIN ENTRY--PERSONAL NAME
Personal name Joseph M. Fernandez
9 (RLIN) 788
245 ## - TITLE STATEMENT
Title Gene Expression Systems
Remainder of title Using Nature for the art of Expression
300 ## - PHYSICAL DESCRIPTION
Extent 480
942 ## - ADDED ENTRY ELEMENTS (KOHA)
Source of classification or shelving scheme
Koha item type Book
Holdings
Withdrawn status Lost status Source of classification or shelving scheme Damaged status Not for loan Collection code Permanent Location Current Location Date acquired Total Checkouts Full call number Barcode Date last seen Price effective from Koha item type
            Atta-ur-Rahman School of Applied Biosciences (ASAB) Atta-ur-Rahman School of Applied Biosciences (ASAB) 03/19/2014   572.8 FER ASAB1538 03/19/2014 03/19/2014 Book
            Atta-ur-Rahman School of Applied Biosciences (ASAB) Atta-ur-Rahman School of Applied Biosciences (ASAB) 03/19/2014   572.8 FER ASAB1537 03/19/2014 03/19/2014 Book
© 2023 Central Library, National University of Sciences and Technology. All Rights Reserved.